Добри практики в туризма (Запис номер 66055)
[ съкратено ]
| 000 -Лидер | |
|---|---|
| Контролно поле с фиксирана дължина | 02247nam a2200373 c 4500 |
| 003 - Код на организацията, давaща контролен номер | |
| Контролно поле | BLK |
| 005 - Дата и час на последна редакция | |
| Контролно поле | 20180420223419.0 |
| 008 - Елементи от данни с фиксирана дължина | |
| fixed length control field | 180408b bul|||||r ||||||| ||bul|| |
| 010 ## - Наследен системен номер | |
| LC control number | KNG00070341000 |
| 020 ## - Международен стандартен номер на книга ISBN | |
| Международен стандартен номер на книга ISBN | 978-954-91982-1-8 |
| -- | издат.: Сдружение Партньорство за инициативи развитие и устойчивост |
| 040 ## - Източник на каталожния запис | |
| Идентификатор на билиотеката - собственик на записа | BLK |
| 041 ## - Код за език | |
| Код за езика на текст/звукозапис или на отделно заглавие | Български |
| Код за езика КДБФ | Български |
| 080 ## - УДК | |
| Текстов определител УДК | Туризмът от стопанско гледище. Политика по отношение на туризма. Икономика и организация на туризма. Вътрешен и международен туризъм. Вж и 379.8 |
| УДК код - определител по УДК | 338.48 |
| УДК определител | (035) |
| УДК - код + определител | 338.48(035) |
| 080 ## - УДК | |
| Текстов определител УДК | Туризъм. Алпинизъм. Ориентиране. Международен туризъм вж 338.48 и 379.85 |
| УДК код - определител по УДК | 796.5 |
| УДК определител | (035) |
| УДК - код + определител | 796.5(035) |
| 100 1# - Редна дума - Автор | |
| Автор | Димитрова, Елица |
| Авторска отговорност | първи автор |
| R(LIN) | 292758 |
| 139 ## - Редно поле | |
| Редна дума | Димитрова, Елица и др. |
| Авторски знак | Дими - Д 58 |
| 245 10 - Сведения за заглавието | |
| Заглавие | Добри практики в туризма |
| Подзаглавни данни | Справочник |
| Редно поле (дума) | Елица Димитрова; съавт. Мариета Чакърова; съавт. Радослав Йонков; * Елица Димитрова Недялкова. |
| 257 ## - Страна на издаване | |
| Страна на създаване/издаване | България |
| 260 ## - Област на издателските данни | |
| -- | София |
| Име на издателя, разпространителя и проч. | Сдружение Партньорство за инициативи развитие и устойчивост |
| Година на издаване | 2006 |
| Печатница | София : Димитър Благоев |
| 300 ## - Физическа характеристика | |
| Страници | 82 с. |
| Размери/Мащаб | 20 см |
| 380 ## - Жанр | |
| Жанр | Обществени науки |
| 500 ## - Общи забележки | |
| Забележка | Изд. на Свемар Консулт ООД. - Авт. отбелязани на гърба на загл. с. - Пълното име на първия авт. е Елица Димитрова Недялкова. |
| 650 #4 - Допълнително описание по предмет – тема | |
| Основно описание – тема или топоним | Туризъм - икономика и организация |
| 9 (RLIN) | 263794 |
| 653 ## - Ключова дума – ненормативна | |
| Ключова дума | туризъм |
| 653 ## - Ключова дума – ненормативна | |
| Ключова дума | справочници |
| 700 1# - Други автори (авторска отговорност) | |
| Лично име | Чакърова, Мариета |
| Автороска отговорност (Описва отношението между автора и произведението) | съавт. |
| 9 (RLIN) | 292759 |
| 700 1# - Други автори (авторска отговорност) | |
| Лично име | Йонков, Радослав |
| Автороска отговорност (Описва отношението между автора и произведението) | съавт. |
| 9 (RLIN) | 292760 |
| 700 1# - Други автори (авторска отговорност) | |
| Лично име | Недялкова, Елица Димитрова |
| Автороска отговорност (Описва отношението между автора и произведението) | * |
| 9 (RLIN) | 292761 |
| 852 ## - Местоположение | |
| Форматна сигнатура | Цб 230640 |
| 856 4# - Електронен адрес и достъп | |
| Електронен формат | pdf - файл |
| Път до файла /url/ | |
| 856 4# - Електронен адрес и достъп | |
| Електронен формат | pdf - файл |
| Път до файла /url/ | |
| 942 ## - АРТИКУЛИ | |
| Вид на библиотечния материал | Книги |
| Скрит в OPAC | Не |
| 944 ## - СЪЗДАВАНЕ И РЕДАКЦИЯ на ЗАПИСА | |
| Създаване/Редакция | Създаване |
| Дата на регистрацията/редакция | 05.01.2007 |
| Служител, извършил регистрацията/редакцията | Валя_Йорданова |
| 944 ## - СЪЗДАВАНЕ И РЕДАКЦИЯ на ЗАПИСА | |
| Създаване/Редакция | Редакция |
| Дата на регистрацията/редакция | 24.10.2011 |
| Служител, извършил регистрацията/редакцията | |
| 999 ## - СИСТЕМНИ КОНТРОЛНИ НОМЕРА | |
| Koha biblionumber | 66055 |
| Koha biblioitemnumber | 66055 |
| Код за отписване | Код за изгубен артикул | Код за повреда | Коз за рестрикции | Код за отдаване | Артикулен № | Име на библиотеката - собственик | Име на библиотеката, в която се намира в момента | Статус (Текущо местоположение) | Дата на вписване в системата | Местоположение - отдел | Цена в лева | Инвентарен номер | Систематично азбучна сигнатура | Баркод | Номер на екземпляра | Цена в евро | Служебна бележка | Служебен тип на артикула |
|---|---|---|---|---|---|---|---|---|---|---|---|---|---|---|---|---|---|---|
| Изтеглен | Не е изгубен | Не е повреден | без рестрикции | заемане за дома | 109171 | Регионална библиотека "Любен Каравелов" Русе | Регионална библиотека "Любен Каравелов" Русе | Заемна - подръчен фонд | 2007-01-05 | Заемна - подръчен фонд | 4.00 | 120000708156 | П 338.4/Д 58 | 120000708156 | 1 | 2.05 | Дост: DA Вид: А N: 1 Дата: 05.01.2007 Дата инв: 05.02.2018 Бележки инв: П2018 | Книги |
| Не е изгубен | Не е повреден | без рестрикции | заемане за дома | 109172 | Регионална библиотека "Любен Каравелов" Русе | Регионална библиотека "Любен Каравелов" Русе | Заемна - подръчен фонд | 2007-01-05 | Заемна - подръчен фонд | 4.00 | 120000708157 | П 338.4/Д 58 | 120000708157 | 2 | 2.05 | Дост: DA Вид: А N: 1 Дата: 05.01.2007 Дата инв: 05.02.2018 Бележки инв: П2018 | Книги | |
| Изтеглен | Не е изгубен | Не е повреден | без рестрикции | заемане за дома | 109173 | Регионална библиотека "Любен Каравелов" Русе | Регионална библиотека "Любен Каравелов" Русе | Заемна - подръчен фонд | 2007-01-05 | Заемна - подръчен фонд | 4.00 | 120000708158 | П 338.4/Д 58 | 120000708158 | 3 | 2.05 | Дост: DA Вид: А N: 1 Дата: 05.01.2007 Дата инв: 05.02.2018 Бележки инв: П2018 | Книги |
| Не е изгубен | Не е повреден | без рестрикции | ползва се в читалня | 109174 | Регионална библиотека "Любен Каравелов" Русе | Регионална библиотека "Любен Каравелов" Русе | Читалня | 2007-01-05 | Читалня | 4.00 | 120000708159 | Ч 338.4/Д 58 | 120000708159 | 4 | 2.05 | Дост: DA Вид: А N: 1 Дата: 05.01.2007 Дата инв: 23.03.2017 Бележки инв: Ч2017 | Книги | |
| Не е изгубен | Не е повреден | без рестрикции | ползва се в читалня | 109175 | Регионална библиотека "Любен Каравелов" Русе | Регионална библиотека "Любен Каравелов" Русе | Хранилище | 2011-10-24 | Хранилище | 4.00 | 120000753726 | Цб 230640 | 120000753726 | 5 | 2.05 | Дост: Dp Вид: Д N: 11 Дата: 14.03.2011 | Книги |